| 000 | 01048nam a2200337 i 4500 | ||
|---|---|---|---|
| 001 | 7544 | ||
| 003 | KOSZ 005 | ||
| 005 | 20221117144141.0 | ||
| 008 | 070620s1969 pl f |000 0 pol | ||
| 015 | _aPB 1969/6031 | ||
| 035 | _a(OCoLC)749274078 | ||
| 040 |
_aWA N _cWA N _dKOSZ 005/HR |
||
| 046 | _k1969 | ||
| 080 | _a519.61/.64 | ||
| 080 | _a(075.8+076) | ||
| 100 | 1 |
_aPaszkowski, Stefan _eAutor |
|
| 245 | 1 | 0 |
_aZbiór zadań z teorii metod numerycznych. _nCz. 1 / _cStefan Paszkowski. |
| 260 |
_aŁódź : _bPaństwowe Wydawnictwo Naukowe, _c1969. |
||
| 300 |
_a161, [1] s. ; _c23 cm. |
||
| 380 | _aKsiążki | ||
| 380 | _aPublikacje dydaktyczne | ||
| 385 |
_mPoziom nauczania _aSzkoły wyższe |
||
| 388 | _a1901-2000 | ||
| 388 | _a1945-1989 | ||
| 504 | _aBibliogr. | ||
| 658 | _aMatematyka | ||
| 655 | 4 | _aĆwiczenia i zadania dla szkół wyższych | |
| 650 | 4 | _aAnaliza numeryczna | |
| 856 |
_uhttp://koha.tu.koszalin.pl/cgi-bin/koha/opac-detail.pl?biblionumber=7544 _yKatalog online BPK |
||
| 942 |
_2UKD _cKS |
||
| 999 |
_c7544 _d7544 |
||